Flora of Cyprus /

محفوظ في:

المؤلف الرئيسي: Meikle, R. D.

التنسيق: كتاب

اللغة: English

منشور في: Kew, England : Bentham Moxon Trust, Royal Botanic Gardens, 1977-1985.

الموضوعات:

الوسوم: إضافة وسم

لا توجد وسوم, كن أول من يضع وسما على هذه التسجيلة!

رقم الطلب: QK377.3 .M44 v.1-2

LEADER 00647nam a22002177a 4500
003 OSt
005 20251117110801.0
008 251117m19779999enka b 001 0 eng d
040 |c ARCE Library 
050 1 4 |a QK377.3  |b .M44 v.1-2 
100 1 |a Meikle, R. D. 
245 1 0 |a Flora of Cyprus /   |c R. D. Meikle. 
264 1 |a Kew, England :  |b Bentham Moxon Trust, Royal Botanic Gardens,  |c 1977-1985. 
300 |a v. :  |b ill. ;  |c 24 cm. 
500 |a Includes index. 
504 |a Includes bibliographical references (v. 1, pages 801-802). 
650 0 |a Botany -- Cyprus. 
650 0 |a Plants -- Cyprus. 
901 |a reviewed 
942 |2 lcc  |c BK 
999 |c 48701  |d 48701